LEADER 00876nam a2200229 i 4500 001 000000341217 003 CaOOAMICUS 005 20200722164408.0 008 200722s1969 fr u001 u fre u 013 $a94504 040 $aSeMil$bita 100 1 $aJournet, Charles,$c.$0(OLS)http://semarc/name/2073 245 12$aL'espérance /$cCh. Journet. 260 $a[S.l. :$bs.n.],$c1969$e(Genève :$fP. Fontana) 300 $a79 p. ;$c21 cm. 500 $aRetraite prêchée du 28 au 31 août 1969 650 4$aSperanza - Aspetti religiosi.$0(OLS)http://semarc/subject/39910 850 $aSeMil 852 $aSeMil$W1$xVenegono$y1$m5D XI 20/21$j220885$B232651$CSeMilBibl$Z2$F232651 $81 996 $6245$aL'espérance$9(OLS)http://semarc/title/15399 996 $6260$a[S.l. :$bs.n.]$9(OLS)http://semarc/publisher/29751 LEADER 00695nam a2200193 i 4500 001 000000118564 003 CaOOAMICUS 005 20260313104925.0 008 031002s1978 it u000 u fre u 040 $aSeMil$bita 245 10$aTome onzième: N-Pari. 300 $aN1-P20. 500 $aRilegato con: SL1.L VII 16/1-2,4 773 0 $tEncyclopèdie, ou Dictionnaire raisonné des sciences, des arts et des métiers.$w()10067 850 $aSeMil 852 $aSeMil$W1$xVenegono$y1$mSL1.L VII 16/3$j268435$B73862$CSeMilBibl$Z2$F76472 $8I 961 $aOmaggio: Martini Card. Carlo Maria 996 $6245$aTome onzième: N-Pari$9(OLS)http://semarc/title/174188